Manual de prácticas de geometría descriptiva
| Main Author: | |
|---|---|
| Format: | Section = Libro |
| Language: | Undetermined Spanish |
| Published: |
La Habana
Pueblo y Educación
1987
|
| Subjects: |
| LEADER | 00555nam a2200193Ia 4500 | ||
|---|---|---|---|
| 008 | 241007s9999||||xx |||||||||||||| ||und|| | ||
| 040 | |a BIBLIOTECA-RURC/ 604.201516 M294 | ||
| 041 | |a spa | ||
| 082 | |a 604.201516 M294 | ||
| 100 | 1 | |a Rivero del Cerro, Jesús | |
| 245 | 1 | 0 | |a Manual de prácticas de geometría descriptiva |
| 260 | |a La Habana |b Pueblo y Educación |c 1987 | ||
| 300 | |a 115p. :il. | ||
| 650 | 7 | |a PROYECCIONES DEL PUNTO | |
| 650 | 7 | |b PROYECCIONES DE LA RECTA | |
| 650 | 7 | |c NTERSECCIONES.Tít. | |
| 942 | |c BK |2 ddc | ||
| 991 | |a TEXTO | ||
| 999 | |c 14425 | ||